¿Tienen sexo las profesiones? : el asesoramiento al alumnado ante los convencionalismos sociales /

El artículo analiza el papel de las mujeres en la sociedad, tanto desde las sociedades más primitivas hasta la sociedad moderna o contemporánea. Se abordará, asimismo, el papel de la mujer en el mundo del trabajo y cómo el rol jugado por las mujeres en el terreno laboral ha estado fuertemente vincul...

Descripción completa

Detalles Bibliográficos
Autor principal: Santanta Vega, Lidia E.
Formato: Analitica de revista
Lenguaje:español

MARC

LEADER 00000cab a2200000 a 4500
001 026283
003 UAHC_CL
005 20180731121453.0
008 051214b xx j 000 1 spa
952 |0 0  |1 0  |2 ddc  |4 0  |6 BOL___INVEST__EDUC_15_00_000000000000000  |7 0  |8 COMP  |9 53069  |a BC  |b BC  |c General  |d 2017-08-03  |l 0  |o BOL. INVEST. EDUC.-15/00  |r 2018-01-17 00:00:00  |w 2017-08-03  |y REVA 
999 |c 26283  |d 26283 
040 |a UAHC_CL  |c UAHC_CL  |d UAHC_CL 
100 1 |a Santanta Vega, Lidia E. 
245 1 0 |a ¿Tienen sexo las profesiones? :  |b el asesoramiento al alumnado ante los convencionalismos sociales /  |c Lidia Santana. 
500 |a Boletín de Investigación Educacional (Santiago) 2000. vol.15, p. 234-246 
520 |a El artículo analiza el papel de las mujeres en la sociedad, tanto desde las sociedades más primitivas hasta la sociedad moderna o contemporánea. Se abordará, asimismo, el papel de la mujer en el mundo del trabajo y cómo el rol jugado por las mujeres en el terreno laboral ha estado fuertemente vinculado a su género.\Los convencionalismos sociales siguen marcando a la mujer y en buena medida siguen determinando las elecciones profesionales, de tal manera que las chicas se siguen decantando por estudios tradicionales femeninos y los chicos por estudios tradicionalmente masculinos. Es por ello que las mujeres y los hombres no están igualmente representados en los destinos sectoriales de la producción.\Finalmente se analiza el papel que han de jugar la educación y la orientación para tratar de subvertir el hecho de que determinados convencionalismos sociales conduzcan a las mujeres a una situación de franca desigualdad y de no reconocimiento de su legítimo derecho al trabajo para poder permitirse una vida digna.\Hay que tomar conciencia y defender en todos los foros que sean posible la idea de que las profesiones no tienen sexo, lo queso pueden que tengan sexo son los prejuicios, los intereses o los convencionalismos sociales. 
773 0 |t Boletín de Investigación Educacional.  |w 025995 
900 |a BOL. INVEST. EDUC.-15/00 
942 |c REVA  |2 ddc